The Journal (Record no. 118717)
[ view plain ]
| 000 -LEADER | |
|---|---|
| fixed length control field | 00750cas a22002295a 4500 |
| 001 - CONTROL NUMBER | |
| control field | ##L103966 |
| 008 - FIXED-LENGTH DATA ELEMENTS--GENERAL INFORMATION | |
| fixed length control field | 000202c1999 xxkqr p 0 a0eng d |
| 022 1# - INTERNATIONAL STANDARD SERIAL NUMBER | |
| International Standard Serial Number | 1754-9159 (Print) |
| 022 1# - INTERNATIONAL STANDARD SERIAL NUMBER | |
| International Standard Serial Number | 1754-9167 (Online) |
| 035 ## - SYSTEM CONTROL NUMBER | |
| System control number | (Sirsi) u103966 |
| 041 0# - LANGUAGE CODE | |
| Language code of text/sound track or separate title | eng |
| 110 2# - MAIN ENTRY--CORPORATE NAME | |
| Corporate name or jurisdiction name as entry element | Royal Institution of Chartered Surveyors |
| Subordinate unit | Arts and Antiques Faculty |
| 9 (RLIN) | 4552 |
| 245 04 - TITLE STATEMENT | |
| Title | The Journal |
| Remainder of title | RICS Arts Surveyor |
| 260 3# - PUBLICATION, DISTRIBUTION, ETC. | |
| Place of publication, distribution, etc. | London |
| Name of publisher, distributor, etc. | RICS |
| Date of publication, distribution, etc. | 1999- |
| 362 ## - DATES OF PUBLICATION AND/OR SEQUENTIAL DESIGNATION | |
| Dates of publication and/or sequential designation | London: (1) Autumn 1999- |
| 362 0# - DATES OF PUBLICATION AND/OR SEQUENTIAL DESIGNATION | |
| Dates of publication and/or sequential designation | Edinburgh: May 2006- |
| 554 ## - | |
| -- | Four per year |
| 651 #4 - SUBJECT ADDED ENTRY--GEOGRAPHIC NAME | |
| Geographic name | United Kingdom |
| Chronological subdivision | |
| 690 ## - LOCAL SUBJECT ADDED ENTRY--TOPICAL TERM (OCLC, RLIN) | |
| Topical term or geographic name as entry element | Arts and antiques |
| 9 (RLIN) | 6217 |
| 856 41 - ELECTRONIC LOCATION AND ACCESS | |
| Processor of request | ttp://www.rics.org/site/scripts/documents.aspx?categoryID=312 |
| Public note | View the journal at www.rics.org/journals... |
| 942 ## - ADDED ENTRY ELEMENTS (KOHA) | |
| Suppress in OPAC | 0 |
| Withdrawn status | Lost status | Source of classification or shelving scheme | Damaged status | Not for loan | Home library | Current library | Shelving location | Date acquired | Total Checkouts | Full call number | Barcode | Date last seen | Price effective from | Koha item type |
|---|---|---|---|---|---|---|---|---|---|---|---|---|---|---|
| Dewey Decimal Classification | London | London | Gallery | 29/04/2004 | RICS ARTS SURVEYOR | 103966-1001 | 06/08/2019 | 06/08/2019 | Journal | |||||
| Dewey Decimal Classification | Virtual | Virtual | Online | 27/06/2006 | ONLINE PUBLICATION | 103966-2001 | 06/08/2019 | 06/08/2019 | Journal |